Jubilee on Wall Street: <An> optimistic look at the global financial crash

Salvato in:
Dettagli Bibliografici
Autore principale: Barker, David Knox
Natura: Libro
Lingua:inglese
Pubblicazione: Charleston Long Wave Dynamics 2009
Edizione:3rd ed.
Soggetti:
Tags: Aggiungi Tag
Nessun Tag, puoi essere il primo ad aggiungerne!!

MARC

LEADER 00000nam a2200000 4500
001 0117524
005 20240306135759.9
020 |a 978-0-9825283-1-0 
020 |a 0-9825283-1-0 
041 0 |a eng 
044 |a US 
245 1 0 |a Jubilee on Wall Street: <An> optimistic look at the global financial crash  |c David Knox Barker 
250 |a 3rd ed. 
264 1 |a Charleston  |b Long Wave Dynamics  |c 2009 
300 |a 391 s. 
610 2 0 |a kríza hospodárska 
610 2 0 |a kríza finančná 
610 2 0 |a globalizácia 
610 2 0 |a prognózy 
610 2 0 |a trh medzinárodný 
610 2 0 |a trh voľný 
610 2 0 |a kapitalizmus 
100 1 |a Barker, David Knox